| 000 | 01276nab a22002537a 4500 | ||
|---|---|---|---|
| 999 |
_c5537 _d5537 |
||
| 003 | OSt | ||
| 005 | 20251215145401.0 | ||
| 008 | 190429b xxu||||| |||| 00| 0 spa d | ||
| 040 | _cPJ | ||
| 100 |
_96517 _aArdoy, Leandro A. |
||
| 245 | 1 | 3 |
_aEl (lento) despertar jurisprudencial de los delitos contra el ambiente / _cLeandro A. Ardoy, Juan S. Podhainy. |
| 260 |
_cCiudad Autónoma de Buenos Aires : _aThomson Reuters La Ley, _b2025. |
||
| 300 | _ap. 57-70 | ||
| 500 | _aCita: AR/DOC/176/2025. | ||
| 505 | _aSumario: I. Introducción.— II. Casos y contextos.— III. Sentencias (condenatorias).— IV. Dificultades probatorias. Prueba científica y de informes (y el conocimiento y el proceso como territorio de disputa).— V. Conclusiones, y aproximaciones subjetivas y estratégicas. | ||
| 505 | _tSi te interesa el texto completo, solicitalo a koha@justierradelfuego.gov.ar | ||
| 650 | 0 |
_9343 _aDERECHO PENAL |
|
| 650 | 0 |
_92848 _aDERECHO AMBIENTAL |
|
| 650 | 0 |
_92851 _aCONTAMINACIÓN AMBIENTAL |
|
| 650 | 0 |
_93251 _aDAÑO AMBIENTAL |
|
| 700 |
_96518 _aPodhainy, Juan S. _ecoautor |
||
| 773 | 0 |
_02658 _93164 _tRevista de derecho penal y criminología. Nº 2 - Marzo 2025 _dCiudad Autónoma de Buenos Aires : Thomson Reuters La Ley, 2017- _x00347914 |
|
| 942 |
_2udc _cANA |
||